000 01300cam a2200301 4500
001
008 000000n2003 000 0 eng u
020 _a0717625648
035 _a(Sirsi) u123084
041 _aENG
050 _a549.66
_c18
110 _aGreat Britain
_bHealth and Safety Executive
245 2 _aA short guide to managing asbestos in premises
250 _a3rd rev. ed.
260 _aSudbury
_bHSE Books
_c2003
490 _aHSE INDG
_v223
520 _aA HSE guidance note aimed at enabling premises and facilities managers to indentify and manage asbesots-containing materials (ACM) preventing the unnecessary exposure to risk of workers and other users of the building. View at www.hse.gov.uk/asbestos.
520 _aSupersedes third edition "Managing asbestos in premises" (ISBN 07167620921).
650 _aMANAGEMENT-HEALTH AND SAFETY-HAZARDOUS SUBSTANCES-ASBESTOS
650 _aASBESTOS-CONTAINING MATERIALS
650 _aBUILT ENVIRONMENT-BUILDING MATERIALS
650 _aFACILITIES MANAGEMENT
_96240
650 _aPREMISES MANAGEMENT
650 _aMANAGEMENT-HEALTH AND SAFETY-HAZARDOUS SUBSTANCES-ASBESTOS
690 _aHealth and safety
_96244
856 _uhttps://www.hse.gov.uk/pubns/asbindex.htm
_vView the guidance on the HSE website...
942 _n0
999 _c102998
_d102998